| 000 | 01357cam a22003495a 4500 | ||
|---|---|---|---|
| 003 | EG-ScBUE | ||
| 005 | 20220510133359.0 | ||
| 008 | 090709r20112000enka f b 001 0 eng d | ||
| 020 | _a9780194372237 | ||
| 040 |
_aEG-ScBUE _beng _erda _cEG-ScBUE _dEG-ScBUE |
||
| 082 | 0 | 4 |
_a428.002854678 _bWIN _222 |
| 100 | 1 |
_aWindeatt, Scott, _eauthor. |
|
| 245 | 1 | 4 |
_aThe Internet / _cScott Windeatt, David Hardisty, and David Eastment. |
| 250 | _aReprinted edition. | ||
| 264 | 1 |
_aOxford : _bOxford University Press, _c2011. |
|
| 300 |
_avii, 136 pages ; _c24 cm. |
||
| 336 |
_2rdacontent _atext _btxt |
||
| 337 |
_2rdamedia _aunmediated _bn |
||
| 338 |
_2rdacarrier _avolume _bnc |
||
| 490 | 0 | _aResource books for teachers | |
| 504 | _aIncludes bibliographical references and index. | ||
| 520 | _aOpens up new opportunities for language learning, with the World Wide Web providing access to material on almost any topic. | ||
| 650 | 7 |
_aEnglish language _xStudy and teaching _xComputer-assisted instruction. _2BUEsh |
|
| 650 | 7 |
_aEnglish language _xRhetoric _xStudy and teaching _xComputer-assisted instruction. _2BUEsh |
|
| 650 | 7 |
_aInternet in education. _2BUEsh |
|
| 651 | _2BUEsh | ||
| 653 |
_bHHUUEENN _cJuly2019 |
||
| 655 |
_vReading book _934232 |
||
| 700 | 1 |
_aEastment, David, _eauthor. |
|
| 700 | 1 |
_aHardisty, David, _eauthor. _913892 |
|
| 942 |
_2ddc _cBB |
||
| 999 |
_c12302 _d12302 |
||